Clause and effect (Record no. 77826)

MARC details
000 -LEADER
fixed length control field 00793cab a2200193 4500
001 - CONTROL NUMBER
control field ##L135192
008 - FIXED-LENGTH DATA ELEMENTS--GENERAL INFORMATION
fixed length control field 061004n 000 0 eng u
035 ## - SYSTEM CONTROL NUMBER
System control number (Sirsi) u135192
041 0# - LANGUAGE CODE
Language code of text/sound track or separate title eng
100 1# - MAIN ENTRY--PERSONAL NAME
Personal name Shepherd, Mark
245 00 - TITLE STATEMENT
Title Clause and effect
490 #0 - SERIES STATEMENT
Series statement Property Week
Volume/sequential designation 71(39)2006, 78-79(98)
520 ## - SUMMARY, ETC.
Summary, etc. Assesses the impact of key aspects of the revised "Code of practice for commercial leases in England and Wales", which will be officially published in November 2006. It is intended to distil the first lease code (1842190989) into a more user-friendly format.
590 ## - LOCAL NOTE (RLIN)
Local note IKA171006
650 24 - SUBJECT ADDED ENTRY--TOPICAL TERM
Topical term or geographic name entry element CODE FOR LEASING BUSINESS PREMISES IN ENGLAND AND WALES
651 #4 - SUBJECT ADDED ENTRY--GEOGRAPHIC NAME
Geographic name England and Wales
Chronological subdivision 1543-
690 ## - LOCAL SUBJECT ADDED ENTRY--TOPICAL TERM (OCLC, RLIN)
Topical term or geographic name as entry element COMMERCIAL LANDLORD AND TENANT-COMMERCIAL LEASES
942 ## - ADDED ENTRY ELEMENTS (KOHA)
Suppress in OPAC 0
Holdings
Withdrawn status Lost status Source of classification or shelving scheme Damaged status Not for loan Home library Current library Shelving location Date acquired Total Checkouts Full call number Barcode Date last seen Copy number Price effective from Koha item type
    Dewey Decimal Classification     London London Journal article 04/10/2006   L135192 135192-1001 06/08/2019 1 06/08/2019 Journal article